| 000 | 01211nam a2200313 4500 | ||
|---|---|---|---|
| 001 | 0000019837 | ||
| 003 | CO-CtgCURN | ||
| 005 | 20250508165101.0 | ||
| 007 | ta | ||
| 008 | 160627s1998 000 0 eng d | ||
| 020 | _a8445807145 | ||
| 040 |
_aCO-CtgCURN _bspa _ccoctgcurn |
||
| 082 | 0 |
_a616.12 _bR41p |
|
| 100 | 1 | _aRibera Casado, José Manuel. | |
| 245 | 1 | 0 |
_aPatología vascular periférica en geriatría / _cJosé Manuel Ribera Casado , Alfonso José Cruz Jentoft. |
| 260 |
_aMadrid : _bMasson, _c1998. |
||
| 300 | _a221 p. | ||
| 336 | _2rdacontent | ||
| 337 |
_2rdamedia _asin mediacion _bn |
||
| 338 |
_2rdacarrier _avolumen _bnc |
||
| 500 | _aIncluye indice Alfabetico de Materia. | ||
| 504 | _aBibliografia (p. 215-216) | ||
| 505 | 8 | _aEnvejecimiento y sistema vascular.--Patología arterial.--Patología venosa.--Aspectos terapeuticos y rehabilitadores.--Uso de medicamentos de Acción arterial en el anciano.--Uso de medicamentos de Acción venosa en el anciano | |
| 650 | 1 | 4 | _aEnfermedades vasculares. |
| 700 | 1 | _aCruz Jentoft, Alfonso José. | |
| 908 | _a160627 | ||
| 942 |
_cBK _h616.12 _iR41p _2ddc _n0 |
||
| 999 |
_c22291 _d22291 |
||